Statistiques concernant Devinez le Département Mystère #33

Cliquez ici pour prendre le quiz!

Statistiques générales

  • Ce quiz a été pris 137 fois
  • Le résultat moyen est 28 sur 32

Statistiques - réponses

Type de RéponseRéponse% Correct
Lettre TrouvéeE
100%
Lettre de l'AlphabetR
100%
Lettre TrouvéeN
99%
Lettre TrouvéeO
99%
Lettre de l'AlphabetI
97%
Lettre Bien PlacéeE
96%
Lettre de l'AlphabetS
96%
Lettre de l'AlphabetA
95%
Lettre de l'AlphabetD
95%
Lettre de l'AlphabetH
94%
Lettre de l'AlphabetL
92%
Lettre de l'AlphabetU
92%
Lettre de l'AlphabetM
90%
Lettre de l'AlphabetT
90%
Lettre de l'AlphabetB
88%
Lettre Bien PlacéeN
88%
Lettre de l'AlphabetV
88%
Lettre de l'AlphabetC
87%
Lettre Bien PlacéeN
84%
Lettre Bien PlacéeO
84%
Lettre de l'AlphabetG
83%
Lettre de l'AlphabetP
80%
Lettre de l'AlphabetF
78%
Lettre TrouvéeY
76%
Lettre de l'AlphabetZ
76%
Lettre de l'AlphabetJ
74%
Lettre de l'AlphabetQ
73%
Lettre de l'AlphabetK
72%
Lettre de l'AlphabetW
72%
Lettre de l'AlphabetX
72%
Lettre Bien PlacéeY
72%
Département MystèreYonne
72%

Distribution des résultats

Percentile par nombre de réponses

% des personnes avec chaque résultat

Votre développement - résultats

Vous n’avez pas pris ce quiz